Countries by Alcohol - Statistics

General Stats
  • This quiz has been taken 77 times
  • The average score is 9 of 16
Answer Stats
Hint Answer % Correct
Tequila Mexico
96%
Sake Japan
92%
Guinness Ireland
88%
Cognac France
83%
Bourbon United States
83%
Soju Korea
64%
Caipirinha Brazil
61%
Ouzou Greece
60%
Port Portugal
58%
Mojito Cuba
53%
Sherry Spain
49%
Kinmen Gaoliang Taiwan
22%
Caesar Canada
19%
Erguotou China
17%
Hesperidina Argentina
8%
Tej Ethiopia
7%
No matching quizzes found
Score Distribution
Percent of People with Each Score
Percentile by Number Answered
Your Score History
You have not taken this quiz